banner-ar

CREATE YOUR OWN STAGE PROPS / (Record no. 16209)

MARC details
000 -الفاتح
حقل البيانات ثابتة الطول 00515nam a2200205Ia 4500
005 - وقت وتاريخ اخر تعامل مع التسجيلة
رقم الضبط 20240530100310.0
008 - عناصر البيانات ثابتة الطول - معلومات عامة
حقل البيانات ثابتة الطول 140319s9999 xx 000 0 eng d
040 ## - مصدر الفهرسة
وكالة الفهرسة الأصلية GCL /
وكالة النسخ GCL
082 04 - رقم تصنيف ديوى العشرى
رقم التصنيف 792.025
رقم المادة G C
100 1# - المدخل الرئيسى - إسم شخصى
الإسم الشخصى GOVIER, JACQUIE
245 10 - بيان العنوان
العنوان CREATE YOUR OWN STAGE PROPS /
بيان المسئوليه,etc GOVIER, JACQUIE
260 ## - PUBLICATION, DISTRIBUTION, ETC. (IMPRINT)
تاريخ النشر أو التوزيع 1997
300 ## - الوصف المادى
التعداد 192 P
650 04 - المدخل الاضافى بالموضوع-مصطلح موضوعى
مصطلح موضوعي ARTS
650 04 - المدخل الاضافى بالموضوع-مصطلح موضوعى
مصطلح موضوعي THEATER
650 04 - المدخل الاضافى بالموضوع-مصطلح موضوعى
مصطلح موضوعي STAGE SETTING
650 04 - المدخل الاضافى بالموضوع-مصطلح موضوعى
مصطلح موضوعي STAGE SCENERY
942 ## - عناصر المدخل الإضافي( كوها)
مصدر التصنيف او مخطط الترفيف Dewey Decimal Classification
Koha [default] item type كتاب
260 ## - PUBLICATION, DISTRIBUTION, ETC. (IMPRINT)
-- [S.N] :
-- A AND C BLACK LIMITED ،
Holdings
حالة التراجع حالة الفقد حالة تلف ليس للاعارة المكان المؤقت الموقع الحالى تاريخ الاكتساب اجمالي اﻻعارات رقم الطلب الباركود تاريخ اخر مشاهدة تاريخ تفعيل السعر نوع وعاء كوها
        مكتبة القاهرة الكبرى مكتبة القاهرة الكبرى 03/26/2014   792.025\G C 29590 03/26/2014 03/26/2014 كتاب

Powered By

EGPV